000
00285nam a22001217a 4500
008
180205b xxu||||| |||| 00| 0 eng d
041
_a
eng
080
_a
33
100
_a
59
101
_a
BIS
245
_a
STRATEGIC PLANNING FOR SMALLER BUSINESSES
_c
DAVID.A.C
942
_2
udc
_c
BK
999
_c
41742
_d
41742